000 00652nam a22002297a 4500
999 _c4234
_d4234
003 AR-CdUCM
008 190308b ||||| |||| 00| 0 spa d
020 _a84-01-32149-2
040 _aMUNICIPALIDAD PROVINCIAL DEL CUSCO
_cBIBLIOTECA MUNICIPAL DEL CUSCO
041 _hfr.
082 _a848.9 /
_bZ99
100 _aZykë, Cizia
_913397
245 _aOro /
260 _aBarcelona :
_bPlaza & Janés Editores,
_c1986.
300 _a286 paginas ;
_c21 cm.
505 _aContenido :Novela /
650 _aNovelas francesas
_9571
650 _aSiglo XX
_98
700 _aNuria Lago Jaraiz (traductor)
_913398
942 _2ddc
_cLIBROS
945 _arjall